Analýza dopadov vybraných nástrojov agroobchodnej politiky SR

Komoditný agroobchod SR. Agroobchodná bilancia. Vonkajšie a vnútorné intervencie. Dovozné depozitum. Dovozná prirážka. Porovnanie dovozného depozita a dovoznej prirážky.

Salvato in:
Dettagli Bibliografici
Autore principale: Podolák, Alojz
Altri autori: Alemu, Dawit
Natura: Capitolo di libro
Lingua:slovacco
Soggetti:
Tags: Aggiungi Tag
Nessun Tag, puoi essere il primo ad aggiungerne!!

MARC

LEADER 00000naa a2200000 4500
001 r033089
005 20230918075351.0
041 0 |a slo 
044 |a SK 
245 1 0 |a Analýza dopadov vybraných nástrojov agroobchodnej politiky SR  |c Alojz Podolák, Dawit Alemu 
520 |a Komoditný agroobchod SR. Agroobchodná bilancia. Vonkajšie a vnútorné intervencie. Dovozné depozitum. Dovozná prirážka. Porovnanie dovozného depozita a dovoznej prirážky. 
610 2 0 |a politika poľnohospodárska 
610 2 0 |a politika obchodná 
610 2 0 |a Slovensko 
610 2 0 |a depozitum dovozné 
610 2 0 |a prirážky dovozné 
610 2 0 |a komodity 
610 2 0 |a analýzy 
610 2 0 |a dovoz 
610 2 0 |a vývoz 
610 2 0 |a vzorce 
100 1 |a Podolák, Alojz 
700 1 |a Alemu, Dawit